00521nam a2200169 a 4500001001000000003000900010005001700019007000300036008004100039040002500080082001600105100003100121245012000152260003300272300001900305504002700324000044574DO-SdBNP20220808110111.0ta140717s1947 ag 000 spa d aDO-SdBNPbspacBNPHU axxxxbC471c aChardon, Carlos E.,d1897- 3aLa contribución del Doctor Roberto E. Fries : ba los estudios botánicos del nuevo mundo. /cCarlos E. Chardon  aBuenos Aires :bConi,c1947. a10 p. c26 cm. aBibliografía p: 8-10